| 000 | 00362nam a22001337a 4500 | ||
|---|---|---|---|
| 082 |
_a345.549105 _bALI |
||
| 100 | _aAli, Ch. Asghar | ||
| 245 |
_aThe Law of Disposal of Property: _bqanun-e-superdari / _cCh. Asghar Ali |
||
| 260 | _c2018. | ||
| 300 | _a407 p. | ||
| 563 | _aHB. | ||
| 650 |
_aLaw, Law of Disposal of Property _9128275 |
||
| 942 |
_2ddc _cBK |
||
| 999 |
_c613297 _d613297 |
||